|
|
|
|
| LEADER |
01132nam a2200349 a 4500 |
| 001 |
000363182 |
| 003 |
CZ BrMZK |
| 005 |
20241003145846.0 |
| 007 |
ta |
| 008 |
980115s1998 xr g 000 j cze d |
| 015 |
|
|
|a cnb000486948
|
| 020 |
|
|
|a 80-240-0762-2
|
| 035 |
|
|
|a (OCoLC)42029759
|
| 040 |
|
|
|a BOA001
|b cze
|
| 041 |
1 |
|
|a cze
|h ger
|
| 072 |
|
7 |
|a 821-31/-34
|x Milostná, dobrodružná, fantastická próza
|2 Konspekt
|9 25
|
| 080 |
|
|
|a 821-322.5
|2 MRF
|
| 080 |
|
|
|a (0:82-322.5)
|2 MRF
|
| 100 |
1 |
|
|a Vandenberg, Patricia,
|d 1921-2007
|7 jn20000810141
|4 aut
|
| 245 |
1 |
0 |
|a Začalo to za temné noci /
|c Patricia Vandenbergová ; [z němčiny] přeložil Jan Soumar
|
| 250 |
|
|
|a Vyd. 1.
|
| 260 |
|
|
|a Praha :
|b I. Železný,
|c 1998
|
| 300 |
|
|
|a 43 s. ;
|c 22 cm
|
| 490 |
1 |
|
|a Knihovnička Večerů pod lampou ;
|v 3260
|
| 490 |
1 |
|
|a Dr. Norden ;
|v 328 (42/98)
|
| 655 |
|
7 |
|a milostné povídky
|7 fd132834
|2 czenas
|
| 700 |
1 |
|
|a Soumar, Jan
|7 mzk2009544245
|4 trl
|
| 765 |
0 |
|
|t Es begann in einer dunklen Nacht
|9 Česky
|
| 830 |
|
0 |
|a Knihovnička Večerů pod lampou
|0 s
|
| 830 |
|
0 |
|a Dr. Norden
|0 s
|
| 910 |
|
|
|a BOA001
|b 2-1050.722
|
| 990 |
|
|
|a BK
|